Scottish farm incomes estimates (Record no. 113224)

MARC details
000 -LEADER
fixed length control field 00976cad a22002175a 4500
001 - CONTROL NUMBER
control field E154901
008 - FIXED-LENGTH DATA ELEMENTS--GENERAL INFORMATION
fixed length control field 120131s2012 xxk f 000 0 eng d
020 ## - INTERNATIONAL STANDARD BOOK NUMBER
International Standard Book Number 9781780456201
022 1# - INTERNATIONAL STANDARD SERIAL NUMBER
International Standard Serial Number 2045-5461
035 ## - SYSTEM CONTROL NUMBER
System control number (Sirsi) u154901
041 0# - LANGUAGE CODE
Language code of text/sound track or separate title eng
110 2# - MAIN ENTRY--CORPORATE NAME
Corporate name or jurisdiction name as entry element National Statistics
9 (RLIN) 5785
245 00 - TITLE STATEMENT
Title Scottish farm incomes estimates
Medium [electronic resource]
260 ## - PUBLICATION, DISTRIBUTION, ETC.
Place of publication, distribution, etc. [Edinburgh]
Name of publisher, distributor, etc. [Scottish Government]
Date of publication, distribution, etc. 2012
520 ## - SUMMARY, ETC.
Summary, etc. Sets out the first release of aggregate Total Income From Farming (TIFF) estimates for 2011 and average Farm Business Income estimates for 2010/11, as well as revising figures from previous years. Shows that TIFF rose by £23m between 2010 and 2011, however once inflation is taken into account, this is a fall of 1% in real terms.
590 ## - LOCAL NOTE (RLIN)
Local note KA
651 #4 - SUBJECT ADDED ENTRY--GEOGRAPHIC NAME
Geographic name Scotland
Chronological subdivision 1999-
690 ## - LOCAL SUBJECT ADDED ENTRY--TOPICAL TERM (OCLC, RLIN)
Topical term or geographic name as entry element Rural
9 (RLIN) 6268
856 40 - ELECTRONIC LOCATION AND ACCESS
Uniform Resource Identifier <a href="https://www.scotland.gov.uk/Publications/2012/01/7346">https://www.scotland.gov.uk/Publications/2012/01/7346</a>
Public note View the item free of charge at www.scotland.gov.uk
942 ## - ADDED ENTRY ELEMENTS (KOHA)
Suppress in OPAC 0
Holdings
Withdrawn status Lost status Source of classification or shelving scheme Damaged status Not for loan Home library Current library Shelving location Date acquired Total Checkouts Full call number Barcode Date last seen Copy number Price effective from Koha item type
    Dewey Decimal Classification     Virtual Virtual Online 31/01/2012   ONLINE PUBLICATION 154901-2001 06/08/2019 1 06/08/2019 Book